书目信息 |
| 题名: |
湖北省新农村建设监测报告
|
|
| 作者: | 李博, , 张全红, 著 | |
| 分册: | ||
| 出版信息: | 武汉 华中科技大学出版社 2014.11 |
|
| 页数: | 353页 | |
| 开本: | 26cm | |
| 丛书名: | ||
| 单 册: | ||
| 中图分类: | F327.63 | |
| 科图分类: | ||
| 主题词: | 农村--nong cun--社会主义建设--研究报告--湖北省--2009-2011 | |
| 电子资源: | ||
| ISBN: | 978-7-5609-9741-4 | |
| 000 | 00965nam0 2200265 450 | |
| 001 | 0100004880 | |
| 005 | 20150314154229.4 | |
| 010 | @a978-7-5609-9741-4@dCNY56.80 | |
| 100 | @a20150314d2014 em y0chiy0121 ea | |
| 101 | 0 | @achi |
| 102 | @aCN@b420000 | |
| 105 | @aabk a 000yy | |
| 106 | @ar | |
| 200 | 1 | @a湖北省新农村建设监测报告@Ahu bei sheng xin nong cun jian she jian ce bao gao@e2009-2011@f李博, 张全红著 |
| 210 | @a武汉@c华中科技大学出版社@d2014.11 | |
| 215 | @a353页@c图, 地图@d26cm | |
| 314 | @a李博, 男, 湖北宜昌人, 博士, 副教授。张全红, 男, 湖北京山人, 博士, 教授。 | |
| 320 | @a有书目 (第351-353页) | |
| 330 | @a本书从四个方面论述了新农村建设的深远启示, 具有很高的理论意义和实践价值。 | |
| 606 | 0 | @a农村@Anong cun@x社会主义建设@x研究报告@y湖北省@z2009-2011 |
| 690 | @aF327.63@v5 | |
| 701 | 0 | @a李博,@Ali bo@f1982-@4著 |
| 701 | 0 | @a张全红,@Azhang quan hong@f1970-@4著 |
| 801 | 0 | @aCN@c20160515 |
| 905 | @a河南城建学院图书馆@dF327.63@eL126 | |
| 湖北省新农村建设监测报告:2009-2011/李博, 张全红著.-武汉:华中科技大学出版社,2014.11 |
| 353页:图, 地图;26cm |
| ISBN 978-7-5609-9741-4:CNY56.80 |
| 本书从四个方面论述了新农村建设的深远启示, 具有很高的理论意义和实践价值。 |
| ● |
| 相关链接 |
|
|
|
正题名:湖北省新农村建设监测报告
索取号:F327.63/L126
 
预约/预借
| 序号 | 登录号 | 条形码 | 馆藏地/架位号 | 状态 | 备注 |
| 1 | 1254068 | 212540687 | 社科二线422/409社科库 33排4列5层/ [索取号:F327.63/L126] | 在馆 | |
| 2 | 1254069 | 212540696 | 社科二线422/409社科库 33排4列5层/ [索取号:F327.63/L126] | 在馆 | |
| 3 | 1254070 | 212540703 | 社科库409/409社科库 33排4列5层/ [索取号:F327.63/L126] | 在馆 |